Statistics for Flags of Malaysian Provinces

Click here to take the quiz!

General Stats

  • This quiz has been taken 9 times
  • The average score is 8 of 15

Answer Stats

Answer% Correct
Malaysia
88%
Pinang
75%
Sabah
75%
Johor
63%
Negeri Sembilan
63%
Pahang
63%
Sarawak
63%
Kedah
50%
Perak
50%
Perlis
50%
Selangor
50%
Kelantan
38%
Melaka
38%
Terengganu
38%
Wilayah Persekutuan
25%

Score Distribution

Percentile by Number Answered

Percent of People with Each Score

Your Score History

You have not taken this quiz